LEADER 00976nam0-2200277 --450 001 9910911399303321 005 20241205112659.0 100 $a20241205d1955----kmuy0itay5050 ba 101 1 $afre$cfre 102 $aFR 105 $a 001yy 200 1 $a<>perception$esymposium de l'Association de psychologie scientifique de langue française$eLouvain 1953$f[contributi di A. Michotte, ... et al.] 210 $aParis$cPresses Universitaires de France$d1955 215 $a128 p.$d23 cm 225 1 $aBibliothèque scientifique internationale. Section psychologie 610 0 $aPercezione$aCongressi$aLouvain$a1953 676 $a152.1$v20 702 1$aMichotte,$bAlbert 710 02$aAssociation de psychologie scientifique de langue française$4070$0556891 801 0$aIT$bUNINA$gREICAT$2UNIMARC 901 $aBK 912 $a9910911399303321 952 $aDAM A30 MICA 01$b2024/8195$fFLFBC 959 $aFLFBC 996 $aPerception$94293014 997 $aUNINA LEADER 01647nam0 22003251i 450 001 UON00044096 005 20231205102158.572 100 $a20020107d1951 |0itac50 ba 101 $afre 102 $aFR 105 $a|||| 1|||| 200 1 $aˆLa ‰Palmyrène du Nord-Ouest$eVillages et lieux de culte de l'époque impériale, recherches archéologiques sur la mise en valeur d'une région du désert par les Palmyréniens$fpar Daniel Schlumberger$gsuivi du recueil des inscriptions sémitiques de cette région par H. Ingholt et J. Starcky avec une contribution de G. Ryckmans 210 $aParis$cPaul Geuthner$d1951 215 $aXIV, 192 p.$cill.$d26 cm 410 1$1001UON00038570$12001 $aBibliothèque Archéologique et Historique$bBeyrouth-Damas-Amman]$fInstitut Français d'Archéologie de Beyrouth$v049 606 $aArcheologia$xSiria$xSiti$xPalmira$3UONC004031$2FI 606 $aEPIGRAFIA SEMITICA$3UONC004433$2FI 606 $aRELIGIONE$xSIRIA (PALMIRA)$xDIVINITA'$3UONC013449$2FI 620 $aFR$dParis$3UONL002984 686 $aSIPA X C$cSIRIA E PALESTINA - ARCHEOLOGIA - SITI$2A 700 1$aSCHLUMBERGER$bDaniel$3UONV000357$0208396 702 1$aINGHOLT$bHarald$3UONV011302 702 1$aSTARCKY$bJean$3UONV026831 712 $aGeuthner$3UONV246291$4650 801 $aIT$bSOL$c20250627$gRICA 899 $aSIBA - SISTEMA BIBLIOTECARIO DI ATENEO$2UONSI 912 $aUON00044096 950 $aSIBA - SISTEMA BIBLIOTECARIO DI ATENEO$dSI SIPA X C 004 $eSI MR 36495 7 004 996 $aPalmyrène du Nord-Ouest$9236155 997 $aUNIOR